| 000 | 01394nam a2200397Ia 4500 | ||
|---|---|---|---|
| 001 | CRC000E9687PDF | ||
| 003 | BD-DhSAU | ||
| 005 | 20151012144309.0 | ||
| 006 | m|||||o||d|||||||| | ||
| 007 | cr|||| | ||
| 008 | 100721s2011 flu sb 001 0 eng d | ||
| 020 | _a9781420009668 (ebook : PDF) | ||
| 040 |
_aBD-DhSAU _cBD-DhSAU |
||
| 090 |
_aQC173.4.S94 _bA67 2011 |
||
| 092 |
_a541.33 _bA652 |
||
| 245 | 0 | 0 |
_aApplied surface thermodynamics _h[electronic resource]. |
| 250 |
_a2nd ed. / _beditors, A.W. Neumann, Robert David, Yi Zuo. |
||
| 260 |
_aBoca Raton : _bTaylor & Francis, _c2011. |
||
| 300 | _a765 p. | ||
| 490 | 1 |
_aSurfactant science series ; _vv. 151 |
|
| 504 | _aIncludes bibliographical references and index. | ||
| 530 | _aAlso available in print edition. | ||
| 538 | _aMode of access: World Wide Web. | ||
| 650 | 0 | _aSurfaces (Physics) | |
| 650 | 0 | _aThermodynamics. | |
| 650 | 0 | _aSurface chemistry. | |
| 650 | 0 | _aSurface tension. | |
| 650 | 0 | _aContact angle. | |
| 655 | 7 |
_aElectronic books. _2lcsh |
|
| 700 | 1 |
_aNeumann, A. W. _q(A. Wilhelm), _d1933- |
|
| 700 | 1 |
_aDavid, Robert, _d1977- |
|
| 700 | 1 |
_aZuo, Yi, _d1976- |
|
| 776 | 1 | _z9780849396878 | |
| 830 | 0 |
_aSurfactant science series ; _vv. 151. |
|
| 856 | 4 | 0 |
_uhttp://marc.crcnetbase.com/isbn/9781420009668 _qapplication/PDF |
| 999 |
_c12061 _d12060 |
||